1543 1351 1315 1600 1633 1113 1159 1284 1197 1417 1607 1072 1548 1203 1435 1116 1963 1815 1617 1852 1736 1846 1989 1861 1429 1450 1533 1354 1031 1288 1402 1445 1873 1643 1674 1739 1459 1304 1715 1633 1442 1180 1604 1057 1092 1102 1751 1860 1807 1112 1997 1890 1435 1904 1359 1293 1618 1777 1008 1858 1180 1597 1508 1554 1960 1796 1517 1412 1880 1101 1852 1039 1870 1692 1651 1980 1510 1761 1033 1333 1982 1950 1815 1451 1678 1933 1949 2000 1790 1696 1241 1271 1252 1769 1347 1280 1230 1828 1592 BCNSPRNW ULIB Ver.6.0+V

เปลี่ยนเป็นภาษาไทย

Change to English
 แสดงรายละเอียดบรรณานุกรม
  กลับหน้าหลัก

Brief Record : Get Marc (ISO 2709) : E-mail record : QR code < ปิดหน้าต่าง
LEADER : 00000nam 2200000uu 4500
001    13399128786
003     ULIB
008    240913s2566||||th 000 0 tha d
020    ^a9789740342403
060 04 ^aWU230^bป622ศ
100 0  ^aปิยาณี พาณิชย์วิสัย
245 10 ^aศาสตร์การรักษาคลองรากฟัน /^cปิยาณี พาณิชย์วิสัย
250    ^aพิมพ์ครั้งที่ 2
260    ^aกรุงเทพฯ :^bสำนักพิมพ์แห่งจุฬาลงกรณ์มหาวิทยาลัย,^c2566
300    ^a498 หน้า :^bภาพประกอบ ;^c26 ซม.
504    ^aมีบรรณานุกรมและดัชนี
650  4 ^aคลองรากฟัน
650  4 ^aคลองรากฟัน, การรักษา
945    ^p650^l0^i010777
945    ^p650^l0^i010778
945    ^p650^l0^i010779
999    ^aประนอม เกษจรัล
รายการนี้ยังไม่มีแท็ก
คุณยังไม่ได้ล็อกอิน คุณสามารถมีกิจกรรมร่วมกับเว็บไซต์ได้ แต่ต้องล็อกอินก่อน ::
  ล็อกอิน

รายการสื่อสารสนเทศ

ลำดับที่ ประเภท เลขเรียก/บาร์โค้ด สถานที่ สถานะ
1. วิทยาศาสตร์การแพทย์ และสุขภาพ
หนังสือสำรอง
สถานะ=หนังสือสำรอง
WU230 ป622ศ ฉ.1 
  Barcode: 010777
ห้องสมุดวิทยาเขตสวรรค์ประชารักษ์
►หนังสือทั่วไป
บนชั้น
2. วิทยาศาสตร์การแพทย์ และสุขภาพ
วิทยาศาสตร์การแพทย์ และสุขภาพ
WU230 ป622ศ ฉ.2 
  Barcode: 010778
ห้องสมุดวิทยาเขตสวรรค์ประชารักษ์
►หนังสือทั่วไป
บนชั้น
3. วิทยาศาสตร์การแพทย์ และสุขภาพ
วิทยาศาสตร์การแพทย์ และสุขภาพ
WU230 ป622ศ ฉ.3 
  Barcode: 010779
ห้องสมุดวิทยาเขตสวรรค์ประชารักษ์
►หนังสือทั่วไป
บนชั้น

รายการใกล้เคียง
    ผู้แต่ง [ปิยาณี พาณิชย์วิสัย]

    หัวเรื่อง [คลองรากฟัน]
    หัวเรื่อง [คลองรากฟัน, การรักษา]

BibComment


ยังไม่เคยถูกคอมเมนท์

คอมเมนท์ทรัพยากรรายการนี้
  คอมเมนท์: ศาสตร์การรักษาคล..


 Copyright 2026. Bcnsprnw @Library